00745nam a2200205 a 450000100100000000500170001000800410002702000180006804000250008608200190011110000400013024500880017025000120025826000440027030000280031449000280034283000350037095201170040599900170052200003908920201002031506.0111105s2011 sp a 000 0 spa d a9789583006418 aDO-SdBNPbspacBNPHU axxxbQ8c, 20111 aQuiroga, Horacio,d1878-1937.9506210aCuentos de amor de locura y de muerte /cHoracio Quiroga; ilustraciones Eric Nieto. a9a. ed. aNavalcamero :bEdiciones Mestas,c2011. a156 p. :bil. ;c21 cm.1 aClássicos universales 0aClássicos universales965304 001050718MOaGRbGRcCTd2013-05-20iLF1l0oxxx Q8c, 2011p39089-10r2020-06-25w2020-06-25y1ZNo se presta c38579d38579